Movies Quiz

Random Movies or Actor Quiz
Score 0/7 Timer 03:00
0 Plays Today
% Correct
Tom Cruise
95.2%
Rob Lowe
93.7%
Patrick Swayze
91.9%
Matt Dillon
91.6%
Ralph Macchio
88.7%
C Thomas Howell
87.5%
Emilio Estevez
82.1%
Remove Ads.
Support Sporcle.
Get the best of Sporcle when you Go Orange. This ad-free experience offers more features, more stats, and more fun while also helping to support Sporcle. Thank you for becoming a member.

You're not logged in!

Compare scores with friends on all Sporcle quizzes.
OR
Log In

Show Comments

Extras

Top Quizzes Today


Score Distribution

Your Account Isn't Verified!

In order to create a playlist on Sporcle, you need to verify the email address you used during registration. Go to your Sporcle Settings to finish the process.

Report this User

Report this user for behavior that violates our Community Guidelines.

Details: